| 000 | 00401cam a2200169ua 4500 | ||
|---|---|---|---|
| 020 | _c2.00 | ||
| 041 |
_amal _h |
||
| 082 |
_a894.8121 _bKET/KA |
||
| 100 | _aKetamangalam, . | ||
| 245 |
_aKavikalude kesari / _cKetamangalam. _hTextual Documents |
||
| 260 |
_aThrissur : _bCurrent Books , _c1959. |
||
| 300 | _a108 ; . | ||
| 365 | _a2.00 | ||
| 504 | _a | ||
| 942 | _cBK | ||
| 999 |
_c5159 _d5159 |
||